Principles of soil physics
Đã lưu trong:
| 主要作者: | |
|---|---|
| 格式: | 图书 |
| 语言: | Undetermined |
| 出版: |
New York
Marcel Dekker
2004
|
| 主题: | |
| 标签: |
添加标签
没有标签, 成为第一个标记此记录!
|
| Thư viện lưu trữ: | Trung tâm Học liệu Trường Đại học Cần Thơ |
|---|
| LEADER | 00494nam a2200193Ia 4500 | ||
|---|---|---|---|
| 001 | CTU_87558 | ||
| 008 | 210402s9999 xx 000 0 und d | ||
| 020 | |c 104.63 | ||
| 082 | |a 631.43 | ||
| 082 | |b L193 | ||
| 100 | |a Lal, Rattan | ||
| 245 | 0 | |a Principles of soil physics | |
| 245 | 0 | |c Rattan Lal, Manoj K. Shukia | |
| 260 | |a New York | ||
| 260 | |b Marcel Dekker | ||
| 260 | |c 2004 | ||
| 650 | |a Soil physics | ||
| 904 | |i Trúc | ||
| 980 | |a Trung tâm Học liệu Trường Đại học Cần Thơ | ||